00738cam a2200205 a 450000100100000000500170001000800410002704000250006808200170009310000200011024000440013024501240017426000430029830000210034153400880036265000190045065000200046970000230048970000200051200001881720260202095302.0100519s1996 mx 000 0 spa d aDO-SdBNPbspacBNPHU a291.4bF333m1 aFenimore, Angie10aMás allá de la oscuridadlEspañol10aMás allá de la oscuridad :bMi viaje a la muerte y al filo del infierno /cAngie Fenimore ; traductor Irving Roffe. aMéxico :bEditorial Grijalbo,c1996. a154 p. ;c22 cm. aTítulo original:tBeyond the darkness. My near-deach journey to the edge of hell. 0aEspiritualidad 0aVida espiritual1 aRoffe, Irvingetr.1 aEadie, J. Betty